বাঙ্গালার সামাজিক ইতিহাস / (Record no. 78658)
[ view plain ]
| 000 -LEADER | |
|---|---|
| fixed length control field | 01243nam a2200265 a 4500 |
| 001 - CONTROL NUMBER | |
| control field | 78658 |
| 003 - CONTROL NUMBER IDENTIFIER | |
| rucl marc code | BD-RjUL |
| 005 - DATE AND TIME OF LATEST TRANSACTION | |
| control field | 20211209083146.0 |
| 008 - FIXED-LENGTH DATA ELEMENTS--GENERAL INFORMATION | |
| fixed length control field | 211027s2021 bg ||||| |||| 00| 0 ben d |
| 020 ## - INTERNATIONAL STANDARD BOOK NUMBER | |
| International Standard Book Number | 9789840426454 |
| Terms of availability | : Tk. 1000.00 |
| 035 ## - SYSTEM CONTROL NUMBER | |
| System control number | (BD-RjUL)78884 |
| 040 ## - CATALOGING SOURCE | |
| Original cataloging agency | BD-RjUL |
| Language of cataloging | eng |
| Transcribing agency | BD-RjUL |
| 041 ## - LANGUAGE CODE | |
| Language code of text/sound track or separate title | ben |
| 082 ## - DEWEY DECIMAL CLASSIFICATION NUMBER | |
| Edition number | 23 |
| Classification number | 954.14 |
| Author mark and year | SAB 2021 |
| 100 ## - MAIN ENTRY--PERSONAL NAME | |
| Personal name | সান্যাল, দুর্গাচন্দ্র |
| 9 (RLIN) | 249408 |
| 245 10 - TITLE STATEMENT | |
| Title | বাঙ্গালার সামাজিক ইতিহাস / |
| Statement of responsibility, etc. | শ্রীদুর্গাচন্দ্র সান্যাল কর্ত্তৃক সংগৃহীত ; মাহবুব সিদ্দিকী সম্পাদিত |
| 260 ## - PUBLICATION, DISTRIBUTION, ETC. (IMPRINT) | |
| Place of publication, distribution, etc. | ঢাকা : |
| Name of publisher, distributor, etc. | আগামী প্রকাশনী, |
| Date of publication, distribution, etc. | ২০২১ |
| 300 ## - PHYSICAL DESCRIPTION | |
| Pagination | খণ্ড ; |
| Size | ২২ সেমি. |
| 505 01 - FORMATTED CONTENTS NOTE | |
| Formatted contents note | খণ্ড. ১ -- |
| 650 ## - SUBJECT ADDED ENTRY--TOPICAL TERM | |
| Topical term or geographic name as entry element | বাংলা (ভারত) |
| General subdivision | ইতিহাস |
| 9 (RLIN) | 249409 |
| Topical term or geographic name as entry element | বাংলা (ভারত) |
| General subdivision | সামাজিক জীবন ও রীতিনীতি |
| 9 (RLIN) | 249410 |
| Topical term or geographic name as entry element | Bengal (India) |
| General subdivision | Social life and customs. |
| 9 (RLIN) | 249411 |
| 700 ## - ADDED ENTRY--PERSONAL NAME | |
| Personal name | সিদ্দিকী, মাহবুব |
| 942 ## - ADDED ENTRY ELEMENTS (KOHA) | |
| Source of classification or shelving scheme | Dewey Decimal Classification |
| Koha item type | Books |
| Lost status | Source of classification or shelving scheme | Damaged status | Not for loan | Collection code | Permanent Location | Current Location | Shelving location | Date acquired | Source of acquisition | Cost, normal purchase price | Total Checkouts | Full call number | Date last seen | Date checked out | Copy number | Koha item type |
|---|---|---|---|---|---|---|---|---|---|---|---|---|---|---|---|---|
| Dewey Decimal Classification | Non-fiction | Central Library, University of Rajshahi | Central Library, University of Rajshahi | 25/10/2021 | Harigage Rajhsahi | 800.00 | 1 | B 954.14 SAB V-1 2021 | 12/05/2022 | 18/04/2022 | C-2 | Books | ||||
| Dewey Decimal Classification | Not For Loan | Non-fiction | Central Library, University of Rajshahi | Central Library, University of Rajshahi | Reading Room | 25/10/2021 | Harigage Rajhsahi | 800.00 | B 954.14 SAB V-1 2021 | 27/10/2021 | C-1 | Books |